| 000 | 00761nam a2200277 a 4500 | ||
|---|---|---|---|
| 999 |
_c9788 _d9788 |
||
| 001 | 9788 | ||
| 003 | BD-JhCC | ||
| 005 | 20180329180937.0 | ||
| 008 | 180329s1966 ii 00100 eng d | ||
| 035 | _a(BD-JhCC)9788 | ||
| 035 | _a1734700 | ||
| 040 |
_aBD-JhCC _dBD-JhCC |
||
| 041 | _aeng | ||
| 050 | 0 | 0 |
_aHF3789.B4 _bS5 |
| 082 | 0 |
_a382.09405414 _bSIN 1966 |
|
| 100 | 1 | _aSingh, S. B. | |
| 245 | 1 | 0 |
_aEuropean agency houses in Bengal, 1783-1833 / _c[by] S. B. Singh. |
| 250 | _a[1st ed.]. | ||
| 260 |
_aCalcutta : _bK. L. Mukhopadhyay, _c1966. |
||
| 300 |
_aviii, 331 p. ; _c23 cm. |
||
| 504 | _aBibliography: p. [319]-325. | ||
| 650 | 0 |
_aMerchants _zEurope. |
|
| 651 | 0 |
_aBengal (India) _xCommerce _xHistory. |
|
| 942 |
_2ddc _cBK |
||